Riconosci lo Stato - Quiz n°120 - Statistics

Statistiche generali
  • Questo quiz è stato fatto 37 volte
  • Il punteggio medio è 11 su 13
Statistiche sulle risposte
Indizio Risposta % Corretto
Iniziale della Capitale B
96%
Valuta Franco CFA
96%
Popolazione 1.624.945 ab.
93%
Superficie 36.121 km²
93%
Indipendenza dal Portogallo nel 1974
93%
Presidente della Repubblica Umaro Sissoco Embaló
93%
Fuso Orario UTC+0
93%
Primo ministro Geraldo Martins
85%
ISU 0,483
81%
Forma di Governo Repubblica semipresidenziale
81%
Tasso di crescita 1,971%
78%
PIL (nominale) 823 milioni di $
78%
Risposta Guinea-Bissau
63%
Nessun quiz corrispondente trovato
Distribuzione punteggi
Percentuale di utenti per punteggio
Percentile per numero di risposta
I tuoi punteggi nel tempo
Non hai fatto questo quiz